Comparison of different nitrogen rates combined with phosphorus and potassium on rice under rainy season conditions at the royal university of agriculture, ប្រៀបធៀបបរិមាណជីអាំសូតផ្សេងៗគ្នារួមផ្សំជាមួយផូស្វ័រ និងប៉ូតាស្យូមក្នុងលក្ខខណ្ឌស្រូវរដូវវស្សានៅសាកលវិទ្យាល័យភូមិន្ទកសិកម្ម (Record no. 10985)

000 -LEADER
fixed length control field 00902nam a22001337a 4500
040 ## - CATALOGING SOURCE
Transcribing agency RUA
082 ## - DEWEY DECIMAL CLASSIFICATION NUMBER
Classification number AGR CHH 2014 B541 Or.1
100 ## - MAIN ENTRY--AUTHOR NAME
Personal name CHHANN VIBOL; ឆាន់ វិបុល
245 ## - TITLE STATEMENT
Title Comparison of different nitrogen rates combined with phosphorus and potassium on rice under rainy season conditions at the royal university of agriculture, ប្រៀបធៀបបរិមាណជីអាំសូតផ្សេងៗគ្នារួមផ្សំជាមួយផូស្វ័រ និងប៉ូតាស្យូមក្នុងលក្ខខណ្ឌស្រូវរដូវវស្សានៅសាកលវិទ្យាល័យភូមិន្ទកសិកម្ម
260 ## - PUBLICATION, DISTRIBUTION, ETC. (IMPRINT)
Place of publication Phnom Penh
Name of publisher CHH
Year of publication 2014
300 ## - PHYSICAL DESCRIPTION
Number of Pages xii,61p.
Other physical details ill.
Dimensions 29cm.
856 ## - ELECTRONIC LOCATION AND ACCESS
Uniform Resource Identifier https://drive.google.com/file/d/1cV9BeHVfVoF5ioQoVVwQfIVW8VfgoJAG/view?usp=sharing
942 ## - ADDED ENTRY ELEMENTS (KOHA)
Koha item type AGR
952 ## - LOCATION AND ITEM INFORMATION (KOHA)
Withdrawn status [LOCAL, KOHA] 0
952 ## - LOCATION AND ITEM INFORMATION (KOHA)
Withdrawn status [LOCAL, KOHA] 0
952 ## - LOCATION AND ITEM INFORMATION (KOHA)
Withdrawn status [LOCAL, KOHA] 0
952 ## - LOCATION AND ITEM INFORMATION (KOHA)
Withdrawn status [LOCAL, KOHA] 0
952 ## - LOCATION AND ITEM INFORMATION (KOHA)
Withdrawn status [LOCAL, KOHA] 0
952 ## - LOCATION AND ITEM INFORMATION (KOHA)
Withdrawn status [LOCAL, KOHA] 0
952 ## - LOCATION AND ITEM INFORMATION (KOHA)
Withdrawn status [LOCAL, KOHA] 0
952 ## - LOCATION AND ITEM INFORMATION (KOHA)
Withdrawn status [LOCAL, KOHA] 0
Holdings
Permanent Location Date acquired Koha item type Lost status Shelving location Barcode Current Location Full call number
Library Block B2016-11-28AGR B541A05185Library Block BAGR CHH 2014 B541 Or.1
Library Block B2016-11-28AGR B541A05260Library Block BAGR CHH 2014 B541 Or.2
Library Block B2016-11-28AGR B541A04943Library Block BAGR CHH 2014 B541 Or.3
Library Block B2016-11-28AGR B541A05018Library Block BAGR CHH 2014 B541 Or.4
Library Block B2016-11-28AGR B541A05093Library Block BAGR CHH 2014 B541 Or.5
Library Block B2016-11-28AGR B541A05095Library Block BAGR CHH 2014 B541 Or.6
Library Block B2016-11-28AGR B541A05327Library Block BAGR CHH 2014 B541 Or.7
Library Block B2016-11-28AGR B541A05170Library Block BAGR CHH 2014 B541 Or.8
មជ្ឈមណ្ឌលឯការនៃសាកលវិទ្យាល័យភូមិន្ទកសិកម្មចំការដូង

Powered by Koha